| 000 | 01018nam0a2200313 i 4500 | ||
|---|---|---|---|
| 001 | RU\NLR\BIBL_A\010474310 | ||
| 005 | 20240921103420.0 | ||
| 010 | _a9785949622414 | ||
| 021 |
_aRU _b2014-56434 _93409 |
||
| 035 | _a(NILC)RuMoRGB-007527308 | ||
| 035 | _a(NLR Aleph) 010474310 | ||
| 090 |
_a10036088 _c10036088 |
||
| 100 | _a20141009d2014 u y0rusy50 ca | ||
| 101 | 0 | _arus | |
| 102 | _aRU | ||
| 105 | _aa|||z|||000ay | ||
| 200 | 1 |
_aВ каждом молчании своя истерика _eроман _fРинат Валиуллин |
|
| 210 |
_aСанкт-Петербург _cАнтология _d2014 |
||
| 215 |
_a221, [1] с. _cил. _d18 |
||
| 333 | _a18+ | ||
| 686 | 2 | _aШ6(2=Р)8-744.04 | |
| 700 | 1 |
_7ca _8rus _aВалиуллин _bР. Р. _f1969- _gРинат Рифович _9159534 _3RU\NLR\AUTH\770159575 |
|
| 801 | 0 |
_aRU _bРГБ _c20140730 _gRCR |
|
| 801 | 1 |
_aRU _bРГБ _c20140730 _2rusmarc |
|
| 942 | _cBOOK | ||
| 980 | _aNBR | ||